Vista normal Vista MARC

Entrada Materia (geográfica)

Número de registros utilizados en: 1

001 - CONTROL NUMBER

  • control field: 81831

003 - CONTROL NUMBER IDENTIFIER

  • control field: Co-BoUCM

005 - DATE AND TIME OF LATEST TRANSACTION

  • control field: 20161115083645.0

008 - FIXED-LENGTH DATA ELEMENTS

  • fixed length control field: 161115|| aca||aabn | a|a d

040 ## - CATALOGING SOURCE

  • Original cataloging agency: Co-BoUCM
  • Transcribing agency: Co-BoUCM

151 ## - HEADING--GEOGRAPHIC NAME

  • Geographic name: Paris (Francia)
  • General subdivision: Vida social y costumbres
  • Form subdivision: Ensayos, conferencias, etc.
  • Chronological subdivision: Siglo XIX

670 ## - SOURCE DATA FOUND

  • Source citation: Work cat.: (Co-BoUCM)63030: Benjamin, Walter 1892-1940 54524, Libro de los pasajes, 2005